[Event "San Pedro del Pinatar op 1st"]
[Site "San Pedro del Pinatar"]
[Date "2010.01.16"]
[Round "4"]
[White "Hostalet Ferrer, Pedro Enrique"]
[Black "Gonzalez Brusi, Leopoldo"]
[Result "0-1"]
[WhiteElo "2111"]
[BlackElo "1772"]
[PlyCount "90"]
[EventDate "2010.01.15"]
[EventType "swiss"]
[EventRounds "7"]
[EventCountry "ESP"]
[SourceTitle "CBM 134 Extra"]
[Source "ChessBase"]
[SourceDate "2010.03.03"]
[SourceVersion "1"]
[SourceVersionDate "2010.03.03"]
[SourceQuality "1"]

1. d4 d5 2. c4 c6 3. Nf3 Nf6 4. Nc3 a6 5. b3 b5 6. e3 Bg4 7. h3 Bxf3 8. Qxf3 e5 9. dxe5 Bb4 10. Bd2 Bxc3 11. Bxc3 Ne4 12. Bb4 bxc4 13. bxc4 Qb6 14. a3 a5 15. cxd5 cxd5 16. Bc4 Qc6 17. 0-0 axb4 18. Bxd5 Qxd5 19. Rfd1 Qc6 20. axb4 Rxa1 21. Rxa1 0-0 22. b5 Qc3 23. Ra4 Qe1+ 24. Kh2 Nc3 25. Rf4 Ne2 26. h4 Qg1+ 27. Kh3 Nxf4+ 28. Qxf4 Qh1+ 29. Kg3 Qg1 30. Qc4 Nd7 31. f4 Qe1+ 32. Kf3 Qxh4 33. e6 Ne5+ 34. fxe5 Qxc4 35. e7 Qxb5 36. exf8Q+ Kxf8 37. Kf4 g5+ 38. Kf5 Ke7 39. g4 h6 40. Ke4 Ke6 41. Kf3 Kxe5 42. Kg2 Qe2+ 43. Kh3 Qf2 44. e4 Kf4 45. e5 Qg3# 0-1